Development Status in Eu Biofuels Market

Stav vývoja na trhu EÚ s biopalivami a poskytnutie komplexného obrazu o výrobe, spotrebe a výrobnej kapacite biopalív prvej generácie - bionafte a bioetanole, a zároveň poznatky o otázkach týkajúcich sa biopalív.

Guardado en:
Detalles Bibliográficos
Autor principal: Kapustová, Zuzana
Otros Autores: Kapusta, Jaroslav, Boháčiková, Andrea, Bielik, Peter
Formato: Capítulo de libro
Lenguaje:inglés
Materias:
Etiquetas: Agregar Etiqueta
Sin Etiquetas, Sea el primero en etiquetar este registro!

MARC

LEADER 00000naa a2200000 4500
001 0272456
005 20210308123549.8
041 0 |a eng 
044 |a SK 
245 1 0 |a Development Status in Eu Biofuels Market  |c Zuzana Kapustová, Jaroslav Kapusta, Andrea Boháčiková, Peter Bielik 
520 |a Stav vývoja na trhu EÚ s biopalivami a poskytnutie komplexného obrazu o výrobe, spotrebe a výrobnej kapacite biopalív prvej generácie - bionafte a bioetanole, a zároveň poznatky o otázkach týkajúcich sa biopalív. 
610 2 0 |a Európska únia 
610 2 0 |a biopalivá 
610 2 0 |a bioplyn 
610 2 0 |a nafta 
610 2 0 |a poľnohospodárstvo 
100 1 |a Kapustová, Zuzana 
700 1 |a Kapusta, Jaroslav 
700 1 |a Boháčiková, Andrea 
700 1 |a Bielik, Peter